Cómo mejorar su autoestima / (Record no. 9602)

MARC details
000 -CABECERA
campo de control de longitud fija 00585nam a2200193 a 4500
005 - FECHA Y HORA DE LA ÚLTIMA TRANSACCIÓN
campo de control 20230302063653.0
008 - ELEMENTOS DE LONGITUD FIJA--INFORMACIÓN GENERAL
campo de control de longitud fija 991125m19972006mx 000 0 spa u
020 ## - NÚMERO INTERNACIONAL NORMALIZADO PARA LIBROS
Número Internacional Estándar del Libro 9688530921
035 ## - NÚMERO DE CONTROL DEL SISTEMA
Número de control de sistema UPN01000009602
049 ## - COLECCIÓN
Colección CG
050 #4 - SIGNATURA TOPOGRÁFICA DE LA BIBLIOTECA DEL CONGRESO
Número de clasificación BF575 S39
Número de documento/Ítem B728
100 1# - ASIENTO PRINCIPAL--NOMBRE PERSONAL
Nombre de persona Branden, Nathaniel,
Fechas asociadas al nombre 1930-2014
9 (RLIN) 35025
245 10 - MENCIÓN DE TÍTULO
Título Cómo mejorar su autoestima /
Mención de responsabilidad, etc. Nathaniel Branden ; tr. Leandro Wolfson.
260 ## - PUBLICACIÓN, DISTRIBUCIÓN, ETC.
Lugar de publicación, distribución, etc. México :
Nombre del editor, distribuidor, etc. Paidós,
Fecha de publicación, distribución, etc. 1997 (2006 impr.).
300 ## - DESCRIPCIÓN FÍSICA
Extensión 159 p.
534 ## - NOTA SOBRE LA VERSIÓN ORIGINAL
Frase introductoria Título original:
Mención de título del original How to raise your self-esteem
650 #4 - ASIENTO SECUNDARIO DE MATERIA - TERMINO TEMATICO
Término de materia o nombre geográfico como elemento de entrada Autoestima
9 (RLIN) 2906
905 ## - TIPO DE MATERIAL
Tipo de material Libro
Holdings
Estado de retiro Estado de pérdida Fuente del sistema de clasificación o colocación Estado dañado No para préstamo Código de colección Localización permanente Ubicación/localización actual Ubicación en estantería Total de préstamos Clasificación Código de barras Fecha visto por última vez Número de copia Tipo de ítem Koha Fecha de adquisición Fecha del último préstamo Renovaciones totales
    Library of Congress Classification     Colección General Bib. Gregorio Torres Quintero Bib. Gregorio Torres Quintero Planta baja 4 BF575 S39 B728 292799 31/12/2020 1 Libro      
    Library of Congress Classification     Colección General Bib. Gregorio Torres Quintero Bib. Gregorio Torres Quintero Planta baja 4 BF575 S39 B728 292800 31/12/2020 1 Libro      
    Library of Congress Classification     Colección General Bib. Gregorio Torres Quintero Bib. Gregorio Torres Quintero Planta baja 11 BF575 S39 B728 271018 20/02/2023 1 Libro 30/01/2023 30/01/2023  
    Library of Congress Classification     Colección General Bib. Gregorio Torres Quintero Bib. Gregorio Torres Quintero Planta baja 3 BF575 S39 B728 292801 31/12/2020 1 Libro      
    Library of Congress Classification     Colección General Bib. Gregorio Torres Quintero Bib. Gregorio Torres Quintero Planta baja 62 BF575 S39 B728 153513 01/10/2025 1 Libro 12/09/2023 29/09/2025  
    Library of Congress Classification     Colección General Bib. Gregorio Torres Quintero Bib. Gregorio Torres Quintero Planta baja 19 BF575 S39 B728 271016 13/01/2025 1 Libro 26/09/2024 12/12/2024 2
    Library of Congress Classification     Colección General Bib. Gregorio Torres Quintero Bib. Gregorio Torres Quintero Planta baja 6 BF575 S39 B728 271017 31/12/2020 1 Libro